Public budgeting and finance: Behavioral, theoretical and technical perspectives (Record no. 38353)

MARC details
000 -LEADER
fixed length control field 00372nam a2200133Ia 4500
082 ## - DEWEY DECIMAL CLASSIFICATION NUMBER
Classification number 336.12
Item number GOL
100 ## - MAIN ENTRY--AUTHOR NAME
Personal name GOLEMBIEWSKI, R T
245 #0 - TITLE STATEMENT
Title Public budgeting and finance: Behavioral, theoretical and technical perspectives
250 ## - EDITION STATEMENT
Edition statement Ed.3
260 ## - PUBLICATION, DISTRIBUTION, ETC. (IMPRINT)
Place of publication New York
Name of publisher Dekker
Year of publication 1983
700 ## - ADDED ENTRY--PERSONAL NAME
Personal name RABIN, J
942 ## - ADDED ENTRY ELEMENTS (KOHA)
Koha item type Books
Holdings
Withdrawn status Lost status Damaged status Not for loan Home library Current library Date acquired Full call number Accession Number Koha item type
        RRII Library RRII Library 16/12/2021 336.12 GOL 18714 Books